|
|
|
|
| LEADER |
01368nam a22002897a 4500 |
| 001 |
mzk03001222310 |
| 005 |
20151109135309.0 |
| 007 |
ta |
| 008 |
061214s1754 au a fr|||||00| ||latod |
| 040 |
|
|
|a BOA001
|b cze
|c BOA001
|
| 072 |
|
7 |
|a 094
|x Staré tisky
|2 Konspekt
|9 12
|
| 080 |
|
|
|a (0.068)094
|2 MRF
|
| 100 |
1 |
|
|a Liesganig, Joseph,
|d 1719-1799
|7 xx0054343
|4 aut
|
| 245 |
1 |
0 |
|a Tabulae memoriales praecipua arithmeticae tum numericae tum literalis, geometriae, etiam curvarum, et trigonometriae, atque utriusque architecturae elementa complexae, in usum auditorum /
|c conscriptae a Josepho Liesganig e S. J. Matheseos Prof. Publ. Ord. et Examinat. in Universitate Viennensi
|
| 260 |
|
|
|a Viennae Austriae :
|b Typis Joannis Thomae Trattner, Sac. Caes. Reg. Aulae Bibliopolae, et Universit. Typographi,
|c 1754
|
| 300 |
|
|
|a A-K4L2 [= 43] listů, příl. ;
|c 4°
|
| 500 |
|
|
|a Výzdoba: Viněta na titulním listu, mědirytiny na přílohách (geometrická a architektonická znázornění)
|
| 561 |
|
|
|a Provenience: Ex libris Josephi Zucsikverd [1]1755
|
| 561 |
|
|
|a Provenience: Ex libris in usum concessis P. Florentio Lemmer Ord. Min. Conv.
|
| 655 |
|
7 |
|a staré tisky
|7 fd422076
|2 czenas
|
| 903 |
|
|
|a RP
|
| 910 |
|
|
|a BOE452
|b Mn
|
| 978 |
|
|
|b Trattner, Johann Thomas von
|a Wien
|c 1754
|
| 984 |
|
|
|a Vídeň
|b Rakousko
|
| 985 |
|
|
|a 1751-1800
|
| 990 |
|
|
|a BK
|
| 991 |
|
|
|k minorite
|